Statistiques concernant Monaco - Culture générale

Cliquez ici pour prendre le quiz!

Statistiques générales

  • Ce quiz a été pris 132 fois
  • Le résultat moyen est 11 sur 15

Statistiques - réponses

InformationRéponse% Correct
Sport automobile qui voit se déroulé un circuit annuellementFormule 1
96%
Chaîne de montagnes au bout de laquelle se trouve MonacoAlpes
94%
Pays d'origine des résidants le plus courant à Monaco (2016)France
94%
Prince souverain depuis 2005Albert II
92%
Surnom donné à la ville à cause de sa géographie pentue et rocheuseLe {Rocher}
89%
Adjectif utilisé pour se référé à MonacoMonégasque
84%
Religion d'État largement pratiqué dans la villeCatholicisme
81%
Quartier le plus célèbre et le plus peupléMonte-Carlo
78%
Club multisport, vainqueur 8 fois du championnat de France de footballAS Monaco
75%
Bâtiment le plus célèbre de ce quartier qui rapporterait plus de 2% du PIB du paysCasino
74%
Puissance navale italienne qui occupa longtemps la villeGênes
59%
Musée sur la biodiversité marine ouvert depuis 1910Musée {océanographique}
44%
Héros de la mythologie gréco-romaine qui a donné son nom au portPort {Hercule}
44%
Chanteur aux pensées anarchistes connu pour Jolie Môme ou Avec le tempsLéo Ferré
43%
Film de James Bond qui se déroule en partie dans la villeGoldenEye
20%

Distribution des résultats

Percentile par nombre de réponses

% des personnes avec chaque résultat

Votre développement - résultats

Vous n’avez pas pris ce quiz